00739nam a2200277Ia 450000500170000000800460001702000180006303700100008104000080009104000080009904000080010704100080011504100080012308400080013110000280013924500270016724500450019426000230023926000090026236500050027136500100027685600530028694200100033999900210034995200910037020260324134234.0008 260324s9999 xx 000 0 eng d a9781315241524 aEBOOK aCRL beng cCRL 2eng aeng qCRL aMichelle Still91196086 4aThe Abbot and the Rule 0bReligious Life at St Albans, 1290–1349 bTaylor and Francis c2002 a b65.99 uhttp://www.taylorfrancis.com/books/9781315241524 cEBOOK c1795939d1795939 00104070aCRLbCRLd2026-03-24l0pCL2078104r2026-03-24 13:42:34w2026-03-24yEBOOK